logo

Bir Sreshtho Munshi Abdur Rouf Library
Jhenaidah Cadet College

Israel and the clash of civilisations : (Record no. 13691)

MARC details
000 -LEADER
fixed length control field 00709nam a2200217 a 4500
001 - CONTROL NUMBER
JCCL Control Number 13692
003 - CONTROL NUMBER IDENTIFIER
JCCL marc code BD-JhCC
005 - DATE AND TIME OF LATEST TRANSACTION
control field 20240313214320.0
008 - FIXED-LENGTH DATA ELEMENTS--GENERAL INFORMATION
fixed length control field 240313b2008 nyu |||| ||a| 001 0 eng d
020 ## - INTERNATIONAL STANDARD BOOK NUMBER
International Standard Book Number 9781849643900
035 ## - SYSTEM CONTROL NUMBER
system control number (BD-JhCC)13692
040 ## - CATALOGING SOURCE
Original cataloging agency BD-JhCC
Modifying agency BD-JhCC
041 ## - LANGUAGE CODE
Language code of Book english
082 ## - DEWEY DECIMAL CLASSIFICATION NUMBER
Classification number 953
Author mark and Year COO 2008
100 ## - MAIN ENTRY--PERSONAL NAME
Personal name Cook,Jonathan
245 ## - TITLE STATEMENT
Title Israel and the clash of civilisations :
Remainder of title Iraq, Iran and the plan to remake the Middle East /
Statement of responsibility, etc Jonathan Cook.
260 ## - PUBLICATION, DISTRIBUTION, ETC. (IMPRINT)
Place of publication, distribution, etc London:
Name of publisher, distributor, etc Pluto Press;
Date of publication, distribution, etc 2008.
300 ## - PHYSICAL DESCRIPTION
Pagination 204 p, :
Other physical details ill;
Dimensions 22 cm
650 ## - SUBJECT ADDED ENTRY--TOPICAL TERM
Topical term or geographic name as entry element Arab countries
General subdivision Arab countries Foreign relations Israel
Geographic subdivision États arabes Relations extérieures Israël
942 ## - ADDED ENTRY ELEMENTS (KOHA)
Source of classification or shelving scheme Dewey Decimal Classification
Koha item type Books
Holdings
Source of classification or shelving scheme Damaged status Not for loan Home library Current library Shelving location Date of accession Cost, normal purchase price Total Checkouts Full call number Barcode Checked out Date last seen Date checked out Copy number Method of acquisition Koha item type Currency
Dewey Decimal Classification     JCC Rouf Library JCC Rouf Library General Stacks   330.00 6 953 COO 2008 19135 01/07/2025 12/11/2024 12/11/2024 C-1 Purchase Books BDT

JCC Library | Contacts | JCC Home

Last Update on 23 September 2017
Copyright @ 2017-2020 JCC Rouf Library
Rouf Library, Jhenidah Cadet College (JCC), Bangladesh